000 00488nam a22001697a 4500
003 OSt
005 20180625072104.0
008 180226b xxu||||| |||| 00| 0 spa d
020 _a9505740220
040 _cPJT
100 _990
_aBidart Campos, Germán José
245 1 0 _aPara vivir la Constitución /
_cGermán J. Bidart Campos.
260 _aBuenos Aires :
_bEdiar,
_c1984.
300 _a518 p.
_c20 cm.
650 0 _aDERECHO CONSTITUCIONAL
_9178
942 _2udc
_cLIB
_h342.4
_iBID
999 _c864
_d864